| 000 | 01668nam a2200229Ia 4500 | ||
|---|---|---|---|
| 003 | Ost | ||
| 005 | 20260507075621.0 | ||
| 008 | 260507s9999||||xx |||||||||||||| ||und|| | ||
| 020 | _a9789947780800 | ||
| 040 | _cfsecg | ||
| 041 | _aara | ||
| 082 | _a338.9 | ||
| 100 |
_aجريو، محمد الأمين _eمؤلف |
||
| 245 | 0 |
_aدور المؤسسات الإقتصادية في عمليات التنمية المستدامة / _c محمد الأمين جريو |
|
| 260 |
_aالجزائر: _bالنشر الجامعي الجديد, _c2020 |
||
| 300 |
_a265 صفحة؛ _bإيضاحات ؛ _c24 سم |
||
| 520 | _aتناول الكاتب دور المؤسسات الاقتصادية في عمليات التنمية المستدامة، حيث تحدث من خلال فصول دراسته عن رهانات المؤسسة والتنمية المستدامة ويشمل المؤسسة الاقتصادية وتحديات التنمية البيئية والاجتماعية، و إشكالية التنمية المستدامة لدى المؤسسات الاقتصادية. كما تحدث كذلك عن أدوات تحقيق المؤسسة الاقتصادية لأدوارها في التنمية المستدامة، والمسؤولية البيئية والاجتماعية للمؤسسة الاقتصادية كضرورة يفرضها الواقع، واعتماد المقاييس الدولية كخيار للتنمية المستدامة للمؤسسة الاقتصادية. | ||
| 653 | _aالتنمية الاقتصادية | ||
| 653 | _aالتنمية المستدامة | ||
| 653 | _aالمؤسسات الاقتصادية | ||
| 942 | _cكتاب | ||
| 999 |
_c45141 _d45141 |
||